[Event "Stay Safe Play From Home 372."]
[Site "Emanuel Lasker Arena"]
[Date "2020.08.10"]
[Round "7"]
[White "MarkonY"]
[Black "Greblah"]
[Result "1-0"]
[WhiteElo "2338"]
[BlackElo "1933"]
[PlyCount "73"]
[EventDate "2020.08.10"]
[EventType "swiss (blitz)"]

1. d4 {[%emt 0:00:01]} c6 {[%emt 0:00:00]} 2. c4 {[%emt 0:00:01]} d5 {[%emt 0:00:01]} 3. Nc3 {[%emt 0:00:00]} e5 {[%emt 0:00:02]} 4. e3 {[%emt 0:00:01]} e4 {[%emt 0:00:01]} 5. f4 {[%emt 0:00:02]} exf3 {[%emt 0:00:16]} 6. Nxf3 {[%emt 0:00:01]} Nf6 {[%emt 0:00:01]} 7. Bd3 {[%emt 0:00:01]} Bd6 {[%emt 0:00:05]} 8. O-O {[%emt 0:00:02]} O-O {[%emt 0:00:01]} 9. Qc2 {[%emt 0:00:04]} h6 {[%emt 0:00:18]} 10. e4 {[%emt 0:00:01]} dxe4 {[%emt 0:00:01]} 11. Nxe4 {[%emt 0:00:00]} Nxe4 {[%emt 0:00:01]} 12. Bxe4 {[%emt 0:00:00]} Bg4 {[%emt 0:00:14]} 13. Be3 {[%emt 0:00:28]} Nd7 {[%emt 0:00:09]} 14. Rae1 {[%emt 0:00:01]} Nf6 {[%emt 0:00:02]} 15. Bd3 {[%emt 0:00:04]} Qc7 {[%emt 0:00:07]} 16. h3 {[%emt 0:00:13]} Be6 {[%emt 0:00:15]} 17. c5 {[%emt 0:00:02]} Bg3 {[%emt 0:00:02]} 18. Re2 {[%emt 0:00:04]} Nd5 {[%emt 0:00:02]} 19. Bc1 {[%emt 0:00:09]} Nb4 {[%emt 0:00:06]} 20. Qc3 {[%emt 0:00:03]} Nxd3 {[%emt 0:00:01]} 21. Qxd3 {[%emt 0:00:00]} Rad8 {[%emt 0:00:11]} 22. b3 {[%emt 0:00:15]} Rd5 {[%emt 0:00:16]} 23. Qe3 {[%emt 0:00:12]} Rf5 {[%emt 0:00:14]} 24. Qe4 {[%emt 0:00:02]} Qd7 {[%emt 0:00:16] Greblah bietet Remis Greblah bietet Remis Greblah bietet Remis Greblah bietet Remis Greblah bietet Remis} 25. Ne5 {[%emt 0:00:07]} Bxe5 {[%emt 0:00:03]} 26. Rxf5 {[%emt 0:00:11]} Bxf5 {[%emt 0:00:03]} 27. Qxe5 {[%emt 0:00:01]} Bg6 {[%emt 0:00:04]} 28. Bb2 {[%emt 0:00:07]} Rd8 {[%emt 0:00:01]} 29. Qe7 {[%emt 0:00:03]} Qxe7 {[%emt 0:00:01]} 30. Rxe7 {[%emt 0:00:02]} Rb8 {[%emt 0:00:01]} 31. Kf2 {[%emt 0:00:08]} Kf8 {[%emt 0:00:01]} 32. Rc7 {[%emt 0:00:01]} Bf5 {[%emt 0:00:01]} 33. g4 {[%emt 0:00:02]} Be6 {[%emt 0:00:01]} 34. Bc1 {[%emt 0:00:01]} Bd5 {[%emt 0:00:01]} 35. Bf4 {[%emt 0:00:01]} a5 {[%emt 0:00:02]} 36. Rd7 {[%emt 0:00:02]} Re8 {[%emt 0:00:02]} 37. Rxb7 {[%emt 0:00:02] Zeit Zeit Zeit Zeit Zeit (Lag: Av=0.29s, max=0.6s) (Lag: Av=0.29s, max=0.6s) (Lag: Av=0.29s, max=0.6s) (Lag: Av=0.29s, max=0.6s) (Lag: Av=0.29s, max=0.6s)} 1-0

[Event "Stay Safe Play From Home 372."]
[Site "Emanuel Lasker Arena"]
[Date "2020.08.10"]
[Round "7"]
[White "Don59as"]
[Black "Buzaglo"]
[Result "1-0"]
[WhiteElo "2008"]
[BlackElo "1736"]
[Annotator "NA"]
[PlyCount "37"]
[EventDate "2020.08.10"]
[EventType "swiss (blitz)"]

1. c4 {[%emt 0:00:01]} Nf6 {[%emt 0:00:01]} 2. Nc3 {[%emt 0:00:01]} e6 {[%emt 0:00:00]} 3. e4 {[%emt 0:00:01]} d5 {[%emt 0:00:00]} 4. cxd5 {[%emt 0:00:00]} exd5 {[%emt 0:00:00]} 5. e5 {[%emt 0:00:00]} Nfd7 {[%emt 0:00:01]} 6. d4 {[%emt 0:00:02]} c6 {[%emt 0:00:01]} 7. f4 {[%emt 0:00:01]} Bb4 {[%emt 0:00:02]} 8. Nf3 {[%emt 0:00:01]} Bxc3+ {[%emt 0:00:06]} 9. bxc3 {[%emt 0:00:01]} f6 {[%emt 0:00:01]} 10. Bd3 {[%emt 0:00:01]} fxe5 {[%emt 0:00:01]} 11. fxe5 {[%emt 0:00:01]} c5 {[%emt 0:00:03]} 12. O-O {[%emt 0:00:04]} cxd4 {[%emt 0:00:02]} 13. cxd4 {[%emt 0:00:00]} Nc6 {[%emt 0:00:02]} 14. Bg5 {[%emt 0:00:04]} Qb6 {[%emt 0:00:02]} 15. Rb1 {[%emt 0:00:12]} Qa5 {[%emt 0:00:01]} 16. Nh4 {[%emt 0:00:14]} Nxd4 {[%emt 0:00:15]} 17. Qh5+ {[%emt 0:00:05]} g6 {[%emt 0:00:03]} 18. Bxg6+ {[%emt 0:00:02]} hxg6 {[%emt 0:00:07]} 19. Qxg6# {[%emt 0:00:07] (Lag: Av=0.64s, max=1.1s) (Lag: Av=0.64s, max=1.1s) (Lag: Av=0.64s, max=1.1s) (Lag: Av=0.64s, max=1.1s) (Lag: Av=0.64s, max=1.1s)} 1-0

[Event "Stay Safe Play From Home 372."]
[Site "Emanuel Lasker Arena"]
[Date "2020.08.10"]
[Round "7"]
[White "Padmaesh M K"]
[Black "SelamiSahin"]
[Result "0-1"]
[WhiteElo "1950"]
[BlackElo "2155"]
[Annotator "NA"]
[PlyCount "100"]
[EventDate "2020.08.10"]
[EventType "swiss (blitz)"]

{- Yarar, Atakan} 1. e4 {[%emt 0:00:04]} c5 {[%emt 0:00:01]} 2. Nf3 {[%emt 0:00:01]} Nc6 {[%emt 0:00:01]} 3. e5 {[%emt 0:00:02]} d5 {[%emt 0:00:02]} 4. exd6 {[%emt 0:00:02]} exd6 {[%emt 0:00:01]} 5. d4 {[%emt 0:00:01]} d5 {[%emt 0:00:16]} 6. Be3 {[%emt 0:00:05]} c4 {[%emt 0:00:03]} 7. b3 {[%emt 0:00:03]} Be6 {[%emt 0:00:03]} 8. c3 {[%emt 0:00:05]} b5 {[%emt 0:00:03]} 9. a4 {[%emt 0:00:02]} a6 {[%emt 0:00:04]} 10. Nbd2 {[%emt 0:00:06]} Nf6 {[%emt 0:00:07]} 11. Bg5 {[%emt 0:00:05]} Be7 {[%emt 0:00:02]} 12. Be2 {[%emt 0:00:13]} O-O {[%emt 0:00:03]} 13. O-O {[%emt 0:00:01]} h6 {[%emt 0:00:04]} 14. Bh4 {[%emt 0:00:02]} b4 {[%emt 0:00:04]} 15. cxb4 {[%emt 0:00:03]} Nxb4 {[%emt 0:00:05]} 16. bxc4 {[%emt 0:00:03]} dxc4 {[%emt 0:00:00]} 17. Nxc4 {[%emt 0:00:03]} Rc8 {[%emt 0:00:06]} 18. Qb3 {[%emt 0:00:05]} Nbd5 {[%emt 0:00:05]} 19. Rac1 {[%emt 0:00:15]} Nf4 {[%emt 0:00:03]} 20. Qe3 {[%emt 0:00:09]} Nxe2+ {[%emt 0:00:03]} 21. Qxe2 {[%emt 0:00:01]} Re8 {[%emt 0:00:02]} 22. Nce5 {[%emt 0:00:04]} Rxc1 {[%emt 0:00:03]} 23. Rxc1 {[%emt 0:00:01]} Qd5 {[%emt 0:00:05]} 24. Nc6 {[%emt 0:00:06]} Ba3 {[%emt 0:00:05]} 25. Rc3 {[%emt 0:00:08]} Ne4 {[%emt 0:00:03]} 26. Rxa3 {[%emt 0:00:03]} Qxc6 {[%emt 0:00:01]} 27. h3 {[%emt 0:00:02]} Qc1+ {[%emt 0:00:03]} 28. Ne1 {[%emt 0:00:01]} Qxa3 {[%emt 0:00:03]} 29. Qxe4 {[%emt 0:00:01]} Bd7 {[%emt 0:00:01]} 30. Qb1 {[%emt 0:00:03]} Qxa4 {[%emt 0:00:03]} 31. Nf3 {[%emt 0:00:04]} Qb5 {[%emt 0:00:02]} 32. Qc1 {[%emt 0:00:04]} a5 {[%emt 0:00:01]} 33. Qc7 {[%emt 0:00:03]} a4 {[%emt 0:00:01]} 34. Ne5 {[%emt 0:00:01]} Be6 {[%emt 0:00:04]} 35. Qc3 {[%emt 0:00:05]} Qa6 {[%emt 0:00:10]} 36. Nc6 {[%emt 0:00:04]} Rf8 {[%emt 0:00:04]} 37. Ne7+ {[%emt 0:00:02]} Kh8 {[%emt 0:00:01]} 38. d5 {[%emt 0:00:02]} a3 {[%emt 0:00:08]} 39. dxe6 {[%emt 0:00:04]} a2 {[%emt 0:00:01]} 40. Qa1 {[%emt 0:00:07]} Qxe6 {[%emt 0:00:01]} 41. f4 {[%emt 0:00:14]} Rb8 {[%emt 0:00:03]} 42. f5 {[%emt 0:00:04]} Rb1+ {[%emt 0:00:01]} 43. Kh2 {[%emt 0:00:03]} Rxa1 {[%emt 0:00:01]} 44. fxe6 {[%emt 0:00:00]} fxe6 {[%emt 0:00:01]} 45. Ng6+ {[%emt 0:00:02]} Kg8 {[%emt 0:00:02]} 46. Ne7+ {[%emt 0:00:01]} Kf7 {[%emt 0:00:01]} 47. Nc6 {[%emt 0:00:01]} Rh1+ {[%emt 0:00:03]} 48. Kxh1 {[%emt 0:00:02]} a1=Q+ {[%emt 0:00:00]} 49. Kh2 {[%emt 0:00:00]} Qc3 {[%emt 0:00:03]} 50. Ne5+ {[%emt 0:00:00]} Qxe5+ {[%emt 0:00:01] Time Time Time Time Time (Lag: Av=0.55s, max=0.9s) (Lag: Av=0.55s, max=0.9s) (Lag: Av=0.55s, max=0.9s) (Lag: Av=0.55s, max=0.9s) (Lag: Av=0.55s, max=0.9s)} 0-1

[Event "Stay Safe Play From Home 372."]
[Site "Emanuel Lasker Arena"]
[Date "2020.08.10"]
[Round "7"]
[White "Dukic"]
[Black "Klausen"]
[Result "1-0"]
[WhiteElo "1915"]
[BlackElo "2032"]
[PlyCount "57"]
[EventDate "2020.08.10"]
[EventType "swiss (blitz)"]

1. c4 {[%emt 0:00:05]} e5 {[%emt 0:00:01]} 2. Nc3 {[%emt 0:00:02]} Nf6 {[%emt 0:00:02]} 3. Nf3 {[%emt 0:00:01]} Nc6 {[%emt 0:00:05]} 4. d4 {[%emt 0:00:03]} exd4 {[%emt 0:00:02]} 5. Nxd4 {[%emt 0:00:01]} Bb4 {[%emt 0:00:02]} 6. Nc2 {[%emt 0:00:07]} Bxc3+ {[%emt 0:00:02]} 7. bxc3 {[%emt 0:00:01]} O-O {[%emt 0:00:02]} 8. f3 {[%emt 0:00:01]} Qe7 {[%emt 0:00:05]} 9. e4 {[%emt 0:00:01]} d6 {[%emt 0:00:03]} 10. Bg5 {[%emt 0:00:02]} h6 {[%emt 0:00:02]} 11. Bh4 {[%emt 0:00:02]} Ne5 {[%emt 0:00:02]} 12. Ne3 {[%emt 0:00:02]} Ng6 {[%emt 0:00:02]} 13. Bf2 {[%emt 0:00:04]} c6 {[%emt 0:00:09]} 14. Qd2 {[%emt 0:00:01]} Be6 {[%emt 0:00:04]} 15. Rd1 {[%emt 0:00:03]} Rfd8 {[%emt 0:00:03]} 16. g3 {[%emt 0:00:03]} Ne5 {[%emt 0:00:06]} 17. Be2 {[%emt 0:00:02]} d5 {[%emt 0:00:14]} 18. cxd5 {[%emt 0:00:02]} cxd5 {[%emt 0:00:02]} 19. exd5 {[%emt 0:00:22]} Nxd5 {[%emt 0:00:03]} 20. Nc2 {[%emt 0:00:09]} Nb6 {[%emt 0:00:12]} 21. Bd4 {[%emt 0:00:02]} Bc4 {[%emt 0:00:23]} 22. Kf2 {[%emt 0:00:03]} Bxe2 {[%emt 0:00:19]} 23. Qxe2 {[%emt 0:00:02]} Nbc4 {[%emt 0:00:09]} 24. Rhe1 {[%emt 0:00:04]} Re8 {[%emt 0:00:23]} 25. Kg2 {[%emt 0:00:07]} Qc7 {[%emt 0:00:13]} 26. Nb4 {[%emt 0:00:13]} a5 {[%emt 0:00:02]} 27. Nd5 {[%emt 0:00:02]} Qc6 {[%emt 0:00:01]} 28. Nf4 {[%emt 0:00:10]} Nxf3 {[%emt 0:00:02]} 29. Qxf3 {[%emt 0:00:02] Zeit Zeit Zeit Zeit Zeit (Lag: Av=0.30s, max=0.9s) (Lag: Av=0.30s, max=0.9s) (Lag: Av=0.30s, max=0.9s) (Lag: Av=0.30s, max=0.9s) (Lag: Av=0.30s, max=0.9s)} 1-0

[Event "Stay Safe Play From Home 372."]
[Site "Emanuel Lasker Arena"]
[Date "2020.08.10"]
[Round "7"]
[White "Haris kollari 13"]
[Black "Ionelluca"]
[Result "1-0"]
[WhiteElo "1915"]
[BlackElo "1964"]
[Annotator "NA"]
[PlyCount "75"]
[EventDate "2020.08.10"]
[EventType "swiss (blitz)"]

1. e4 {[%emt 0:00:01]} d6 {[%emt 0:00:03]} 2. f4 {[%emt 0:00:01]} Nf6 {[%emt 0:00:00]} 3. Nc3 {[%emt 0:00:02]} Nfd7 {[%emt 0:00:01]} 4. d4 {[%emt 0:00:01]} e5 {[%emt 0:00:01]} 5. dxe5 {[%emt 0:00:02] Ionelluca reconnected. Ionelluca reconnected. Ionelluca reconnected. Ionelluca reconnected. Ionelluca reconnected.} dxe5 {[%emt 0:00:41]} 6. fxe5 {[%emt 0:00:03]} Bc5 {[%emt 0:00:02]} 7. Nf3 {[%emt 0:00:01]} Nc6 {[%emt 0:00:06]} 8. Bb5 {[%emt 0:00:02]} O-O {[%emt 0:00:12]} 9. Bxc6 {[%emt 0:00:02]} bxc6 {[%emt 0:00:01]} 10. Bf4 {[%emt 0:00:00]} Ba6 {[%emt 0:00:01]} 11. Qd2 {[%emt 0:00:02]} Rb8 {[%emt 0:00:02]} 12. O-O-O {[%emt 0:00:02]} Nb6 {[%emt 0:00:04]} 13. Qxd8 {[%emt 0:00:10]} Rbxd8 {[%emt 0:00:01]} 14. Rxd8 {[%emt 0:00:01]} Rxd8 {[%emt 0:00:01]} 15. Rd1 {[%emt 0:00:01]} Re8 {[%emt 0:00:06]} 16. a4 {[%emt 0:00:01]} h6 {[%emt 0:00:05]} 17. a5 {[%emt 0:00:01]} Nc4 {[%emt 0:00:01]} 18. Rd7 {[%emt 0:00:02]} g5 {[%emt 0:00:09]} 19. Bg3 {[%emt 0:00:04]} Re7 {[%emt 0:00:01]} 20. Rd8+ {[%emt 0:00:11]} Kg7 {[%emt 0:00:02]} 21. Na4 {[%emt 0:00:11]} Be3+ {[%emt 0:00:03]} 22. Kb1 {[%emt 0:00:01]} Bb5 {[%emt 0:00:01]} 23. Nc3 {[%emt 0:00:04]} h5 {[%emt 0:00:10]} 24. Nd1 {[%emt 0:00:09]} h4 {[%emt 0:00:09]} 25. Nxe3 {[%emt 0:00:04]} Nxe3 {[%emt 0:00:04]} 26. Bf2 {[%emt 0:00:01]} Nxg2 {[%emt 0:00:04]} 27. Nxg5 {[%emt 0:00:06]} Be2 {[%emt 0:00:07]} 28. Nh3 {[%emt 0:00:04]} Kg6 {[%emt 0:00:03]} 29. Bd4 {[%emt 0:00:02]} Bg4 {[%emt 0:00:04]} 30. Nf2 {[%emt 0:00:01]} Be6 {[%emt 0:00:04]} 31. Bxa7 {[%emt 0:00:06]} Kh7 {[%emt 0:00:02]} 32. Bd4 {[%emt 0:00:01]} Nf4 {[%emt 0:00:02]} 33. a6 {[%emt 0:00:02]} c5 {[%emt 0:00:19]} 34. a7 {[%emt 0:00:03]} cxd4 {[%emt 0:00:01]} 35. a8=Q {[%emt 0:00:01]} f6 {[%emt 0:00:02]} 36. Rh8+ {[%emt 0:00:02]} Kg7 {[%emt 0:00:01]} 37. Qf8+ {[%emt 0:00:02]} Kg6 {[%emt 0:00:00]} 38. Qxf6# {[%emt 0:00:01] (Lag: Av=1.63s, max=39.7s) (Lag: Av=1.63s, max=39.7s) (Lag: Av=1.63s, max=39.7s) (Lag: Av=1.63s, max=39.7s) (Lag: Av=1.63s, max=39.7s)} 1-0

[Event "Stay Safe Play From Home 372."]
[Site "Emanuel Lasker Arena"]
[Date "2020.08.10"]
[Round "7"]
[White "Kongle"]
[Black "Erdema"]
[Result "1-0"]
[WhiteElo "1657"]
[BlackElo "1659"]
[Annotator "NA"]
[PlyCount "37"]
[EventDate "2020.08.10"]
[EventType "swiss (blitz)"]

1. e4 {[%emt 0:00:03]} e5 {[%emt 0:00:02]} 2. Nf3 {[%emt 0:00:01]} Nc6 {[%emt 0:00:02]} 3. Bc4 {[%emt 0:00:01]} Bc5 {[%emt 0:00:02]} 4. c3 {[%emt 0:00:01]} d6 {[%emt 0:00:01]} 5. d4 {[%emt 0:00:02]} exd4 {[%emt 0:00:01]} 6. cxd4 {[%emt 0:00:01]} Bb4+ {[%emt 0:00:01]} 7. Nc3 {[%emt 0:00:01]} h6 {[%emt 0:00:02]} 8. O-O {[%emt 0:00:01]} Nf6 {[%emt 0:00:02]} 9. Re1 {[%emt 0:00:04]} O-O {[%emt 0:00:02]} 10. h3 {[%emt 0:00:02]} Bxc3 {[%emt 0:00:02]} 11. bxc3 {[%emt 0:00:01]} d5 {[%emt 0:00:01]} 12. exd5 {[%emt 0:00:04]} Nxd5 {[%emt 0:00:01]} 13. Ba3 {[%emt 0:00:08]} Re8 {[%emt 0:00:05]} 14. Rxe8+ {[%emt 0:00:02]} Qxe8 {[%emt 0:00:03]} 15. Bxd5 {[%emt 0:00:01]} Ne7 {[%emt 0:00:03]} 16. Qe2 {[%emt 0:00:04]} Be6 {[%emt 0:00:07]} 17. Bxe6 {[%emt 0:00:01]} fxe6 {[%emt 0:00:02]} 18. Qxe6+ {[%emt 0:00:01]} Kf8 {[%emt 0:00:02]} 19. Re1 {[%emt 0:00:04] Erdema terk eder Erdema terk eder Erdema terk eder Erdema terk eder Erdema terk eder (Lag: Av=0.71s, max=1.7s) (Lag: Av=0.71s, max=1.7s) (Lag: Av=0.71s, max=1.7s) (Lag: Av=0.71s, max=1.7s) (Lag: Av=0.71s, max=1.7s)} 1-0

[Event "Stay Safe Play From Home 372."]
[Site "Emanuel Lasker Arena"]
[Date "2020.08.10"]
[Round "7"]
[White "Timbre"]
[Black "Lazieri3"]
[Result "0-1"]
[WhiteElo "1623"]
[BlackElo "1973"]
[PlyCount "104"]
[EventDate "2020.08.10"]
[EventType "swiss (blitz)"]

1. d4 {[%emt 0:00:07]} c6 {[%emt 0:00:00]} 2. Nf3 {[%emt 0:00:01]} d5 {[%emt 0:00:00]} 3. c3 {[%emt 0:00:01]} Nf6 {[%emt 0:00:01]} 4. Bf4 {[%emt 0:00:01]} Bf5 {[%emt 0:00:01]} 5. e3 {[%emt 0:00:01]} e6 {[%emt 0:00:01]} 6. Bd3 {[%emt 0:00:01]} Bxd3 {[%emt 0:00:01]} 7. Qxd3 {[%emt 0:00:01]} Bd6 {[%emt 0:00:00]} 8. Nbd2 {[%emt 0:00:03]} Bxf4 {[%emt 0:00:02]} 9. exf4 {[%emt 0:00:01]} O-O {[%emt 0:00:00]} 10. g3 {[%emt 0:00:01]} h6 {[%emt 0:00:01]} 11. Ne5 {[%emt 0:00:02]} Nbd7 {[%emt 0:00:04]} 12. O-O {[%emt 0:00:02]} Nxe5 {[%emt 0:00:01]} 13. fxe5 {[%emt 0:00:02]} Nd7 {[%emt 0:00:00]} 14. Nf3 {[%emt 0:00:03]} c5 {[%emt 0:00:14]} 15. Rae1 {[%emt 0:00:03]} cxd4 {[%emt 0:00:01]} 16. cxd4 {[%emt 0:00:03]} Rc8 {[%emt 0:00:02]} 17. a3 {[%emt 0:00:02]} a6 {[%emt 0:00:02]} 18. Rc1 {[%emt 0:00:05]} Qb6 {[%emt 0:00:02]} 19. Rxc8 {[%emt 0:00:05]} Rxc8 {[%emt 0:00:00]} 20. Qd2 {[%emt 0:00:03]} Qb3 {[%emt 0:00:03]} 21. Qf4 {[%emt 0:00:21]} Qxb2 {[%emt 0:00:04]} 22. Kg2 {[%emt 0:00:04]} Qxa3 {[%emt 0:00:04]} 23. Rb1 {[%emt 0:00:03]} b5 {[%emt 0:00:02]} 24. Re1 {[%emt 0:00:06]} a5 {[%emt 0:00:03]} 25. Qh4 {[%emt 0:00:02]} b4 {[%emt 0:00:03]} 26. Qe7 {[%emt 0:00:02]} Nf8 {[%emt 0:00:02]} 27. Qb7 {[%emt 0:00:06]} b3 {[%emt 0:00:02]} 28. Re3 {[%emt 0:00:05]} Qc1 {[%emt 0:00:14]} 29. Rxb3 {[%emt 0:00:04]} a4 {[%emt 0:00:01]} 30. Re3 {[%emt 0:00:05]} a3 {[%emt 0:00:06]} 31. Rxa3 {[%emt 0:00:07]} Qxa3 {[%emt 0:00:08]} 32. Qxc8 {[%emt 0:00:03]} Qd3 {[%emt 0:00:01]} 33. Qc7 {[%emt 0:00:05]} Qe4 {[%emt 0:00:02]} 34. Qd6 {[%emt 0:00:03]} Ng6 {[%emt 0:00:10]} 35. Qa3 {[%emt 0:00:03]} Qg4 {[%emt 0:00:02]} 36. h3 {[%emt 0:00:05]} Nf4+ {[%emt 0:00:04]} 37. Kg1 {[%emt 0:00:07]} Nxh3+ {[%emt 0:00:02]} 38. Kg2 {[%emt 0:00:01]} Nf4+ {[%emt 0:00:02]} 39. Kg1 {[%emt 0:00:02]} Ne2+ {[%emt 0:00:01]} 40. Kg2 {[%emt 0:00:01]} Nxd4 {[%emt 0:00:03]} 41. Nxd4 {[%emt 0:00:02]} Qxd4 {[%emt 0:00:01]} 42. Qa8+ {[%emt 0:00:02]} Kh7 {[%emt 0:00:01]} 43. Qb8 {[%emt 0:00:02]} Qe4+ {[%emt 0:00:02]} 44. Kh2 {[%emt 0:00:01]} d4 {[%emt 0:00:01]} 45. Qc7 {[%emt 0:00:03]} Qf5 {[%emt 0:00:03]} 46. Qd6 {[%emt 0:00:03]} Qxf2+ {[%emt 0:00:02]} 47. Kh3 {[%emt 0:00:02]} Qf1+ {[%emt 0:00:02]} 48. Kh2 {[%emt 0:00:01]} d3 {[%emt 0:00:00]} 49. Qd4 {[%emt 0:00:04]} Qe2+ {[%emt 0:00:04]} 50. Kh3 {[%emt 0:00:07]} d2 {[%emt 0:00:00]} 51. Qf4 {[%emt 0:00:02]} d1=Q {[%emt 0:00:02]} 52. Qxf7 {[%emt 0:00:02]} Qh1# {[%emt 0:00:01] (Lag: Av=0.49s, max=0.7s) (Lag: Av=0.49s, max=0.7s) (Lag: Av=0.49s, max=0.7s) (Lag: Av=0.49s, max=0.7s) (Lag: Av=0.49s, max=0.7s)} 0-1

[Event "Stay Safe Play From Home 372."]
[Site "Emanuel Lasker Arena"]
[Date "2020.08.10"]
[Round "8"]
[White "Don59as"]
[Black "Dukic"]
[Result "1-0"]
[WhiteElo "2014"]
[BlackElo "1938"]
[Annotator "NA"]
[PlyCount "87"]
[EventDate "2020.08.10"]
[EventType "swiss (blitz)"]

1. c4 {[%emt 0:00:03]} c6 {[%emt 0:00:03]} 2. e4 {[%emt 0:00:01]} d6 {[%emt 0:00:00]} 3. Nc3 {[%emt 0:00:01]} Nd7 {[%emt 0:00:01]} 4. g3 {[%emt 0:00:01]} e5 {[%emt 0:00:01]} 5. Bg2 {[%emt 0:00:01]} Be7 {[%emt 0:00:01]} 6. Nge2 {[%emt 0:00:09]} Ngf6 {[%emt 0:00:03]} 7. d4 {[%emt 0:00:01]} h5 {[%emt 0:00:02]} 8. h3 {[%emt 0:00:01]} h4 {[%emt 0:00:02]} 9. g4 {[%emt 0:00:01]} Nh7 {[%emt 0:00:02]} 10. Be3 {[%emt 0:00:04]} g5 {[%emt 0:00:03]} 11. Qd2 {[%emt 0:00:01]} f6 {[%emt 0:00:01]} 12. O-O {[%emt 0:00:04]} O-O {[%emt 0:00:01]} 13. b4 {[%emt 0:00:03]} Qc7 {[%emt 0:00:01]} 14. a4 {[%emt 0:00:01]} Kg7 {[%emt 0:00:02]} 15. Rfc1 {[%emt 0:00:06]} Rd8 {[%emt 0:00:04]} 16. d5 {[%emt 0:00:02]} c5 {[%emt 0:00:03]} 17. Nb5 {[%emt 0:00:02]} Qb8 {[%emt 0:00:02]} 18. bxc5 {[%emt 0:00:02]} Nxc5 {[%emt 0:00:03]} 19. Bxc5 {[%emt 0:00:10]} dxc5 {[%emt 0:00:02]} 20. a5 {[%emt 0:00:09]} a6 {[%emt 0:00:01]} 21. Nbc3 {[%emt 0:00:01]} Bd7 {[%emt 0:00:07]} 22. Rd1 {[%emt 0:00:07]} Bd6 {[%emt 0:00:03]} 23. Na4 {[%emt 0:00:03]} Bxa4 {[%emt 0:00:14]} 24. Rxa4 {[%emt 0:00:00]} Qc7 {[%emt 0:00:01]} 25. Nc3 {[%emt 0:00:03]} Rab8 {[%emt 0:00:01]} 26. Rda1 {[%emt 0:00:07]} Nf8 {[%emt 0:00:01]} 27. R4a2 {[%emt 0:00:01]} Ng6 {[%emt 0:00:02]} 28. Ne2 {[%emt 0:00:05]} Rd7 {[%emt 0:00:13]} 29. Bf1 {[%emt 0:00:02]} Qd8 {[%emt 0:00:02]} 30. Rb1 {[%emt 0:00:03]} b6 {[%emt 0:00:04]} 31. axb6 {[%emt 0:00:05]} Rxb6 {[%emt 0:00:02]} 32. Rxb6 {[%emt 0:00:09]} Qxb6 {[%emt 0:00:02]} 33. Qa5 {[%emt 0:00:02]} Qxa5 {[%emt 0:00:18]} 34. Rxa5 {[%emt 0:00:00]} Ra7 {[%emt 0:00:01]} 35. Nc3 {[%emt 0:00:03]} Bc7 {[%emt 0:00:05]} 36. Rxc5 {[%emt 0:00:03]} Bb6 {[%emt 0:00:02]} 37. Rc6 {[%emt 0:00:01]} Bd4 {[%emt 0:00:02]} 38. Na4 {[%emt 0:00:03]} Nf4 {[%emt 0:00:03]} 39. c5 {[%emt 0:00:03]} Kf7 {[%emt 0:00:02]} 40. Kh2 {[%emt 0:00:11]} a5 {[%emt 0:00:01]} 41. Bc4 {[%emt 0:00:01]} Ke7 {[%emt 0:00:01]} 42. d6+ {[%emt 0:00:01]} Kd8 {[%emt 0:00:07]} 43. Nb6 {[%emt 0:00:03]} a4 {[%emt 0:00:03]} 44. Rc8# {[%emt 0:00:01] (Lag: Av=0.50s, max=1.0s) (Lag: Av=0.50s, max=1.0s) (Lag: Av=0.50s, max=1.0s) (Lag: Av=0.50s, max=1.0s) (Lag: Av=0.50s, max=1.0s)} 1-0

[Event "Stay Safe Play From Home 372."]
[Site "Emanuel Lasker Arena"]
[Date "2020.08.10"]
[Round "8"]
[White "Klausen"]
[Black "Timbre"]
[Result "0-1"]
[WhiteElo "2009"]
[BlackElo "1619"]
[PlyCount "82"]
[EventDate "2020.08.10"]
[EventType "swiss (blitz)"]

1. e4 {[%emt 0:00:03]} c6 {[%emt 0:00:08]} 2. Nf3 {[%emt 0:00:02]} d5 {[%emt 0:00:01]} 3. e5 {[%emt 0:00:03]} Bf5 {[%emt 0:00:02]} 4. d4 {[%emt 0:00:02]} e6 {[%emt 0:00:01]} 5. Bd3 {[%emt 0:00:02]} Bg6 {[%emt 0:00:01]} 6. O-O {[%emt 0:00:02]} a6 {[%emt 0:00:01]} 7. c3 {[%emt 0:00:01]} c5 {[%emt 0:00:05]} 8. Be3 {[%emt 0:00:04]} cxd4 {[%emt 0:00:03]} 9. Nxd4 {[%emt 0:00:01]} Ne7 {[%emt 0:00:03]} 10. f4 {[%emt 0:00:02]} Nbc6 {[%emt 0:00:02]} 11. Qe2 {[%emt 0:00:09]} Bxd3 {[%emt 0:00:03]} 12. Qxd3 {[%emt 0:00:02]} Nxd4 {[%emt 0:00:02]} 13. Bxd4 {[%emt 0:00:01]} Nf5 {[%emt 0:00:03]} 14. Nd2 {[%emt 0:00:02]} Rc8 {[%emt 0:00:03]} 15. Nf3 {[%emt 0:00:03]} Bc5 {[%emt 0:00:02]} 16. Kh1 {[%emt 0:00:03]} Bxd4 {[%emt 0:00:02]} 17. Nxd4 {[%emt 0:00:02]} Nxd4 {[%emt 0:00:05]} 18. Qxd4 {[%emt 0:00:02]} Rc4 {[%emt 0:00:03]} 19. Qd3 {[%emt 0:00:03]} Qh4 {[%emt 0:00:04]} 20. f5 {[%emt 0:00:04]} exf5 {[%emt 0:00:11]} 21. Qxd5 {[%emt 0:00:08]} O-O {[%emt 0:00:04]} 22. Rxf5 {[%emt 0:00:04]} Re4 {[%emt 0:00:06]} 23. Raf1 {[%emt 0:00:04]} Re1 {[%emt 0:00:08]} 24. Qxb7 {[%emt 0:00:03]} Rxf1+ {[%emt 0:00:08]} 25. Rxf1 {[%emt 0:00:03]} Qc4 {[%emt 0:00:03]} 26. Qf3 {[%emt 0:00:11]} Qxa2 {[%emt 0:00:03]} 27. b3 {[%emt 0:00:01]} Qxb3 {[%emt 0:00:03]} 28. h3 {[%emt 0:00:07]} a5 {[%emt 0:00:02]} 29. Ra1 {[%emt 0:00:07]} a4 {[%emt 0:00:02]} 30. Qc6 {[%emt 0:00:05]} a3 {[%emt 0:00:04]} 31. c4 {[%emt 0:00:13]} Qb2 {[%emt 0:00:06]} 32. Rf1 {[%emt 0:00:05]} a2 {[%emt 0:00:02]} 33. e6 {[%emt 0:00:03]} a1=Q {[%emt 0:00:06]} 34. exf7+ {[%emt 0:00:03]} Kh8 {[%emt 0:00:03]} 35. Qf3 {[%emt 0:00:11]} Qxf1+ {[%emt 0:00:08]} 36. Qxf1 {[%emt 0:00:02]} Qe5 {[%emt 0:00:04]} 37. Qf3 {[%emt 0:00:10]} Qe7 {[%emt 0:00:02]} 38. c5 {[%emt 0:00:03]} h6 {[%emt 0:00:01]} 39. c6 {[%emt 0:00:02]} Rxf7 {[%emt 0:00:01]} 40. Qg3 {[%emt 0:00:02]} Qc7 {[%emt 0:00:09]} 41. Qg6 {[%emt 0:00:04]} Rf1# {[%emt 0:00:03] (Lag: Av=0.44s, max=1.0s) (Lag: Av=0.44s, max=1.0s) (Lag: Av=0.44s, max=1.0s) (Lag: Av=0.44s, max=1.0s) (Lag: Av=0.44s, max=1.0s)} 0-1